Schaum’s outline of theory and problems of trigonometry : (Record no. 120)

MARC details
000 -LEADER
fixed length control field 01291nac a22003371i 4500
003 - CONTROL NUMBER IDENTIFIER
control field EG-ScBUE
005 - DATE AND TIME OF LATEST TRANSACTION
control field 20250227101258.0
008 - FIXED-LENGTH DATA ELEMENTS--GENERAL INFORMATION
fixed length control field 160926t1999 nyua f 001 0 eng d
020 ## - INTERNATIONAL STANDARD BOOK NUMBER
International Standard Book Number 0071160132
020 ## - INTERNATIONAL STANDARD BOOK NUMBER
International Standard Book Number 9780071160131
040 ## - CATALOGING SOURCE
Original cataloging agency EG-ScBUE
Language of cataloging eng
Description conventions rda
Transcribing agency EG-ScBUE
Modifying agency EG-ScBUE
082 04 - DEWEY DECIMAL CLASSIFICATION NUMBER
Classification number 516.24
Item number AYR
Edition number 22
100 1# - MAIN ENTRY--PERSONAL NAME
Personal name Ayres, Frank,
Dates associated with a name 1901-1994‏,
Relator term author.
9 (RLIN) 28291
245 10 - TITLE STATEMENT
Title Schaum’s outline of theory and problems of trigonometry :
Remainder of title with calculator based solutions /
Statement of responsibility, etc Frank Ayres, Jr., Ph.D., Former Professor and Head, Department of Mathematics, Dickinson College, Robert E. Moyer, Ph.D., Professor of Mathematics, Fort Valley State University.
246 30 - VARYING FORM OF TITLE
Title proper/short title Theory and problems of trigonometry
246 30 - VARYING FORM OF TITLE
Title proper/short title Trigonometry
250 ## - EDITION STATEMENT
Edition statement Third edition.
264 #1 - PUBLICATION, DISTRIBUTION, ETC. (IMPRINT)
Place of publication, distribution, etc New York :
Name of publisher, distributor, etc McGraw-Hill,
Date of publication, distribution, etc [1999]
264 #4 - PUBLICATION, DISTRIBUTION, ETC. (IMPRINT)
Date of publication, distribution, etc c1999
300 ## - PHYSICAL DESCRIPTION
Extent viii, 215 pages :
Other physical details illustrations, tables ;
Dimensions 28 cm.
336 ## - CONTENT TYPE
Source rdacontent
Content type term text
Content type code txt
337 ## - MEDIA TYPE
Media type term unmediated
Source rdamedia
Media type code n
338 ## - CARRIER TYPE
Carrier type term volume
Carrier type code nc
Source rdacarrier
490 0# - SERIES STATEMENT
Series statement Schaum's outline series
500 ## - GENERAL NOTE
General note Includes index.<br/>
500 ## - GENERAL NOTE
General note Includes appendix.<br/>
650 #7 - SUBJECT ADDED ENTRY--TOPICAL TERM
Topical term or geographic name as entry element Trigonometry
Form subdivision Outlines, syllabi, etc.
Source of heading or term BUEsh
655 ## - INDEX TERM--GENRE/FORM
Form subdivision Reading book
700 1# - ADDED ENTRY--PERSONAL NAME
Personal name Moyer, Robert E.,
Relator term author.
942 ## - ADDED ENTRY ELEMENTS (KOHA)
Koha item type Book - Borrowing
Source of classification or shelving scheme Dewey Decimal Classification
Holdings
Withdrawn status Lost status Damaged status Not for loan Home library Current library Shelving location Date acquired Source of acquisition Total Checkouts Full call number Barcode Date last seen Cost, replacement price Price effective from Koha item type
        Central Library Central Library First floor 03/01/2006 Purchase 3 516.24 AYR 000004646 15/07/2025 120.00 03/01/2006 Book - Borrowing